00205as aa2200073a 4450024500310000026000730003131000140010404100130011810aBulletin of Marine Science bProsenstiel School of Marine and Atmospheric ScienceaEstados Unidos aIRREGULAR0 aInglés